Gewässer nach Satellitenbild #2 - Statistiken

Allgemein
  • Dieses Quiz wurde 159 mal gespielt
  • Das Durchschnittsergebnis liegt bei 9 aus 16
Antwortstatistiken
Bildquiz Antwort % Korrekt
Rotes Meer
96%
Nordsee
93%
Schwarzes Meer
90%
Straße von Gibraltar
72%
Baikalsee
66%
Aralsee
61%
Golf von Bengalen
59%
Biskaya
55%
Viktoriasee
55%
Michigansee
51%
Beringstraße
38%
Oberer See
32%
Großer Bärensee
30%
Nicaraguasee
30%
Irische See
27%
Großer Salzsee
5%
Keine übereinstimmenden Quizze gefunden
Verteilung der Resultate
Anzahl Personen mit jedem Resultat
Perzentil nach korrekt beantworteten Fragen
Ihre Resultats-Entwicklung
Sie haben dieses Quiz noch nicht gespielt